Annual report 1938 (Record no. 114304)

MARC details
000 -LEADER
fixed length control field 00626cam a22001935a 4500
001 - CONTROL NUMBER
control field L156589
008 - FIXED-LENGTH DATA ELEMENTS--GENERAL INFORMATION
fixed length control field 120611s1938 xxk f 000 0 eng d
035 ## - SYSTEM CONTROL NUMBER
System control number (Sirsi) u156589
041 0# - LANGUAGE CODE
Language code of text/sound track or separate title eng
110 2# - MAIN ENTRY--CORPORATE NAME
Corporate name or jurisdiction name as entry element National Association of Auctioneers, House Agents, Rating Surveyors and Valuers
Subordinate unit Sussex - Surrey Branch
9 (RLIN) 6087
245 00 - TITLE STATEMENT
Title Annual report 1938
260 ## - PUBLICATION, DISTRIBUTION, ETC.
Place of publication, distribution, etc. [S.l.]
Name of publisher, distributor, etc. NAA
Date of publication, distribution, etc. 1938
300 ## - PHYSICAL DESCRIPTION
Extent [4 p.]
Dimensions 22 cm.
520 ## - SUMMARY, ETC.
Summary, etc. Presents the activities and statement of accounts of the Surrey - Sussex Branch of the NAA.
651 #4 - SUBJECT ADDED ENTRY--GEOGRAPHIC NAME
Geographic name England
690 ## - LOCAL SUBJECT ADDED ENTRY--TOPICAL TERM (OCLC, RLIN)
Topical term or geographic name as entry element Auctioneering
9 (RLIN) 6218
690 ## - LOCAL SUBJECT ADDED ENTRY--TOPICAL TERM (OCLC, RLIN)
Topical term or geographic name as entry element Valuation
9 (RLIN) 6273
942 ## - ADDED ENTRY ELEMENTS (KOHA)
Suppress in OPAC 0
Holdings
Withdrawn status Lost status Source of classification or shelving scheme Damaged status Not for loan Home library Current library Shelving location Date acquired Total Checkouts Full call number Barcode Date last seen Copy number Price effective from Koha item type
    Dewey Decimal Classification     Historic collection Historic collection RICS Boxes 11/06/2012   RICS 1938/3 30076932 06/08/2019 1 06/08/2019 Archive